000
00310nam a2200109Ia 4500
008
201231s9999 xx 000 0 und d
100
_a
Secretan, Lance H.K.
245
0
_a
Reclaiming higher round :creating organizations that inspire the soul
260
_a
New Delhi
_b
Response Books
300
_a
258
942
_c
BK
999
_c
9532
_d
9532